000 00501nam a2200157Ia 4500
008 210716s2018 xx 000 0 und d
020 _a9789352138029
041 _aeng
082 _a729 PAVP
100 _aPavliscak, Pamela.
245 _aEmotionally intelligent design: rethinking how we create products.
_bRethinking how we create products.
250 _a1
260 _aNew Delhi
_bShroff Publishers and Distributors Pvt Ltd
_c2018
300 _axii,269
650 _aDesign and decoration(729)
999 _c196926
_d196926